| 000 -LEADER |
| fixed length control field |
00604nam a22002417a 4500 |
| 003 - CONTROL NUMBER IDENTIFIER |
| control field |
OSt |
| 008 - FIXED-LENGTH DATA ELEMENTS--GENERAL INFORMATION |
| fixed length control field |
140307b xxu||||| |||| 00| 0 eng d |
| 041 ## - LANGUAGE CODE |
| Language code of text/sound track or separate title |
eng |
| 100 1# - MAIN ENTRY--PERSONAL NAME |
| Personal name |
Poole, Bertram W. H. |
| 245 10 - TITLE STATEMENT |
| Title |
Postage Stamps of Crete, The |
| 260 ## - PUBLICATION, DISTRIBUTION, ETC. (IMPRINT) |
| Place of publication, distribution, etc. |
Beverly, Mass. |
| Name of publisher, distributor, etc. |
Severn-Wylie-Jewett Co. |
| 300 ## - PHYSICAL DESCRIPTION |
| Extent |
32 pages |
| 650 #0 - SUBJECT ADDED ENTRY--TOPICAL TERM |
| Topical term or geographic name as entry element |
Crete (-1913) |
| 650 #0 - SUBJECT ADDED ENTRY--TOPICAL TERM |
| Topical term or geographic name as entry element |
Great Britain |
| 650 #0 - SUBJECT ADDED ENTRY--TOPICAL TERM |
| Topical term or geographic name as entry element |
Russia |
| 650 #0 - SUBJECT ADDED ENTRY--TOPICAL TERM |
| Topical term or geographic name as entry element |
Offices in Crete |
| 650 #0 - SUBJECT ADDED ENTRY--TOPICAL TERM |
| Topical term or geographic name as entry element |
Offices Abroad |
| 650 #0 - SUBJECT ADDED ENTRY--TOPICAL TERM |
| Topical term or geographic name as entry element |
Postal History |
| 650 #0 - SUBJECT ADDED ENTRY--TOPICAL TERM |
| Topical term or geographic name as entry element |
Production |
| 650 #0 - SUBJECT ADDED ENTRY--TOPICAL TERM |
| Topical term or geographic name as entry element |
Errors and Varieties |
| 650 #0 - SUBJECT ADDED ENTRY--TOPICAL TERM |
| Topical term or geographic name as entry element |
Plates and Plating |
| 650 #0 - SUBJECT ADDED ENTRY--TOPICAL TERM |
| Topical term or geographic name as entry element |
Designs |